000 00467nam a2200181Ia 4500
005 20250508151752.0
008 008 250505s9999 xx 000 0 eng d
037 _aTextual
040 _aFEDL
_beng
_cFEDL
041 _aeng
_2eng
084 _a920, NAG
_qFEDL
100 _aNag Kalidas
245 0 _aTolstoy and Gandhi
260 _aPatna, India
_bPustak Bhandar
_c1950
300 _a135p.
942 _cTEXL
_h920, NAG
999 _c1332032
_d1332032